10 artistas mais ouvidos do Spotify - Statistics

Estatísticas Gerais
  • Esse quiz foi jogado 333 vezes
  • A pontuação média é 3 de 10
Estatísticas das Respostas
Ouvintes mensais Artista % Correto
78,72 milhões Justin Bieber
70%
82,48 milhões Ariana Grande
66%
65,34 milhões The Weeknd
40%
52,89 milhões Ed Sheeran
35%
51,12 milhões Billie Eilish
28%
60,49 milhões Dua Lipa
27%
51,60 milhões Sia
7%
56,59 milhões J Balvin
6%
60,22 milhões Mariah Carey
4%
54,58 milhões Shaw Mendes
3%
Nenhum quiz correspondente encontrado
Distribuição das Pontuações
Porcentagem de Pessoas com Cada Pontuação
Percentil de Números Respondidos
Sua Pontuação Histórica
Você não jogou esse quiz